000 00206nam a2200097Ia 4500
008 190216s9999||||xx |||||||||||||| ||und||
100 _aP C Koorooth
245 0 _aLeelasoudham
260 _bNull
942 _cBK
999 _c23809
_d23809